[Event "Saratov-ch"]
[Site "Saratov"]
[Date "2011.03.02"]
[Round "6"]
[White "Nedochetova, Sofia"]
[Black "Nurdinov, Iliya"]
[Result "1-0"]
[WhiteElo "2087"]
[BlackElo "1767"]
[PlyCount "75"]
[EventDate "2011.02.24"]
[EventType "swiss"]
[EventRounds "9"]
[EventCountry "RUS"]
[SourceTitle "CBM 141 Extra"]
[Source "ChessBase"]
[SourceDate "2011.05.03"]
[SourceVersion "1"]
[SourceVersionDate "2011.05.03"]
[SourceQuality "1"]

1. e4 c5 2. c3 g6 3. d4 cxd4 4. Qxd4 Nf6 5. Bg5 Bg7 6. Qe3 d6 7. Bc4 Nc6 8. h3 Qc7 9. Nd2 b6 10. f4 a6 11. Ngf3 Nd7 12. 0-0 h6 13. Bh4 0-0 14. Rad1 Re8 15. Bg3 Bb7 16. Nh4 Na5 17. Bd3 Qc5 18. Qxc5 dxc5 19. f5 g5 20. Nhf3 Nc6 21. Nc4 b5 22. Bc2 Rad8 23. Ne3 Nde5 24. Nd5 Rd7 25. Bxe5 Nxe5 26. Nxe5 Bxe5 27. Nf6+ exf6 28. Rxd7 Bc8 29. Rd5 c4 30. Rfd1 Kf8 31. Kf2 h5 32. a4 b4 33. cxb4 Bxb2 34. Rc5 c3 35. Rc7 Kg7 36. b5 axb5 37. axb5 Ba3 38. b6 1-0

[Event "Saratov op"]
[Site "Saratov"]
[Date "2010.06.09"]
[Round "9"]
[White "Fedukin, Alexandre"]
[Black "Nedochetova, Sofia"]
[Result "0-1"]
[WhiteElo "2001"]
[BlackElo "2069"]
[PlyCount "102"]
[EventDate "2010.06.01"]
[EventType "swiss"]
[EventRounds "9"]
[EventCountry "RUS"]
[SourceTitle "CBM 137 Extra"]
[Source "ChessBase"]
[SourceDate "2010.09.01"]
[SourceVersion "1"]
[SourceVersionDate "2010.09.01"]
[SourceQuality "1"]

1. c4 g6 2. Nc3 Bg7 3. d4 c5 4. Nf3 cxd4 5. Nxd4 Nc6 6. e3 Nf6 7. Nc2 0-0 8. Be2 d6 9. e4 b6 10. 0-0 Bb7 11. Nd4 Nxd4 12. Qxd4 Nxe4 13. Qd3 Nxc3 14. bxc3 Rc8 15. f4 d5 16. Qf3 Qc7 17. Ba3 dxc4 18. Qe3 Rfe8 19. f5 Qe5 20. Qxe5 Bxe5 21. Kh1 Be4 22. fxg6 hxg6 23. Rac1 Bd3 24. Rfe1 Bf4 25. Rcd1 Rcd8 26. Bf3 Bd6 27. Bc1 Bc5 28. Bc6 Bc2 29. Bxe8 Rxd1 30. Rxd1 Bxd1 31. Bb5 Be2 32. h3 e5 33. Bc6 f5 34. g3 Bf2 35. g4 Be1 36. gxf5 gxf5 37. Bb2 f4 38. Kg2 Kg7 39. Be4 Kh6 40. Bc6 Kg5 41. Ba3 Bxc3 42. Be7+ Kf5 43. Bd7+ Ke4 44. Kf2 Bh5 45. Bg4 Bd4+ 46. Kf1 Bxg4 47. hxg4 c3 48. g5 c2 49. Ba3 Kf5 50. Ke2 Be3 51. g6 Kxg6 0-1

[Event "Saratov RSOCF Cup"]
[Site "Saratov"]
[Date "2010.01.26"]
[Round "8"]
[White "Nedochetova, Sofia"]
[Black "Borisovsky, Viktor"]
[Result "1-0"]
[WhiteElo "2065"]
[BlackElo "2113"]
[PlyCount "89"]
[EventDate "2010.01.19"]
[EventType "swiss"]
[EventRounds "9"]
[EventCountry "RUS"]
[SourceTitle "CBM 134 Extra"]
[Source "ChessBase"]
[SourceDate "2010.03.03"]
[SourceVersion "1"]
[SourceVersionDate "2010.03.03"]
[SourceQuality "1"]

1. e4 e6 2. d4 d5 3. e5 c5 4. c3 Qb6 5. Nf3 Nc6 6. a3 c4 7. Nbd2 Na5 8. Rb1 Bd7 9. Be2 Rc8 10. 0-0 Ne7 11. Qe1 Ba4 12. Bd1 Bxd1 13. Qxd1 Nec6 14. Qc2 Be7 15. Re1 0-0 16. Nf1 Qb3 17. Qxb3 Nxb3 18. Bg5 Bxg5 19. Nxg5 b5 20. f4 a5 21. Nf3 b4 22. axb4 axb4 23. N1d2 Nxd2 24. Nxd2 Ra8 25. Ra1 g6 26. Kf2 Rfb8 27. Ke3 b3 28. Rxa8 Rxa8 29. Nf3 Ra2 30. Rb1 Na7 31. Ng1 Nc8 32. Ne2 Nb6 33. Nc1 Ra8 34. g4 h6 35. Ne2 Kg7 36. f5 f6 37. fxe6 Re8 38. Nf4 h5 39. Ra1 hxg4 40. Ra6 fxe5 41. dxe5 g5 42. Rxb6 gxf4+ 43. Kxf4 Re7 44. Rd6 Ra7 45. Rd7+ 1-0

[Event "Saratov RSOCF Cup"]
[Site "Saratov"]
[Date "2010.01.23"]
[Round "5"]
[White "Shirobokov, Daniil"]
[Black "Nedochetova, Sofia"]
[Result "0-1"]
[WhiteElo "1842"]
[BlackElo "2065"]
[PlyCount "54"]
[EventDate "2010.01.19"]
[EventType "swiss"]
[EventRounds "9"]
[EventCountry "RUS"]
[SourceTitle "CBM 134 Extra"]
[Source "ChessBase"]
[SourceDate "2010.03.03"]
[SourceVersion "1"]
[SourceVersionDate "2010.03.03"]
[SourceQuality "1"]

1. e4 e5 2. Nf3 Nc6 3. Bb5 a6 4. Ba4 d6 5. 0-0 Nf6 6. Re1 Be7 7. c3 0-0 8. h3 b5 9. Bc2 Bb7 10. d4 h6 11. Nbd2 Re8 12. Nf1 Bf8 13. d5 Ne7 14. a4 g6 15. b3 Bg7 16. g4 Qd7 17. Kh2 c6 18. c4 bxc4 19. bxc4 cxd5 20. cxd5 Rec8 21. a5 Qc7 22. Bd3 Nfxd5 23. exd5 e4 24. Ra3 exd3 25. Rxd3 Nxd5 26. Rxd5 Qxc1 27. Qa4 Qc2 0-1

[Event "Saratov RSOCF Cup"]
[Site "Saratov"]
[Date "2010.01.22"]
[Round "4"]
[White "Nedochetova, Sofia"]
[Black "Efimov, Ivan"]
[Result "0-1"]
[WhiteElo "2065"]
[BlackElo "2188"]
[PlyCount "108"]
[EventDate "2010.01.19"]
[EventType "swiss"]
[EventRounds "9"]
[EventCountry "RUS"]
[SourceTitle "CBM 134 Extra"]
[Source "ChessBase"]
[SourceDate "2010.03.03"]
[SourceVersion "1"]
[SourceVersionDate "2010.03.03"]
[SourceQuality "1"]

1. e4 c6 2. d4 d5 3. Nc3 b5 4. a3 a6 5. Nf3 Bg4 6. Be2 e6 7. Ne5 Bxe2 8. Qxe2 Nf6 9. Bg5 Be7 10. exd5 cxd5 11. 0-0 0-0 12. Rae1 Qb6 13. Qd3 h6 14. Bh4 Rc8 15. Re3 Nc6 16. Ne2 Ra7 17. Nf4 Nxe5 18. Rxe5 Ng4 19. Nxd5 exd5 20. Rxe7 Rxe7 21. Bxe7 Qc7 22. Qg3 Qxe7 23. Qxg4 Rxc2 24. h3 Qe6 25. Qg3 Rxb2 26. Qc3 Re2 27. Rc1 Kh7 28. Kf1 Re4 29. Qd2 Qd6 30. Rc5 Qe6 31. f3 Re3 32. Qc1 Rd3 33. Qc2 Qg6 34. Rc6 Rd1+ 35. Qxd1 Qxc6 36. Qd3+ g6 37. Kf2 a5 38. Qe3 Qb7 39. Qb3 b4 40. axb4 axb4 41. Kg3 Kg7 42. f4 Kf8 43. f5 Qc7+ 44. Kg4 Qc4 45. Qe3 Qc8 46. Qxh6+ Kg8 47. Qd2 Qxf5+ 48. Kg3 b3 49. Qb4 Qd3+ 50. Kf4 Qc2 51. Qb8+ Kh7 52. Qb7 Qf2+ 53. Ke5 b2 54. Kd6 Kg7 0-1

[Event "Saratov-ch"]
[Site "Saratov"]
[Date "2009.03.05"]
[Round "7"]
[White "Nedochetova, Sofia"]
[Black "Kahramanov, Bahtijar"]
[Result "1-0"]
[WhiteElo "2074"]
[BlackElo "2009"]
[PlyCount "105"]
[EventDate "2009.02.26"]
[EventType "swiss"]
[EventRounds "9"]
[EventCountry "RUS"]
[SourceTitle "CBM 129 Extra"]
[Source "ChessBase"]
[SourceDate "2009.05.05"]
[SourceVersion "2"]
[SourceVersionDate "2009.05.20"]
[SourceQuality "1"]

1. e4 e5 2. Nf3 Nc6 3. Nc3 Nf6 4. d4 Bb4 5. Nxe5 0-0 6. Nxc6 dxc6 7. Bg5 Re8 8. e5 Qd5 9. a3 Bxc3+ 10. bxc3 Nd7 11. Be3 f6 12. f4 g5 13. Qh5 Re7 14. Bd3 gxf4 15. Bxf4 fxe5 16. Qg5+ Kf8 17. Be3 exd4 18. 0-0+ Ke8 19. Qxd5 cxd5 20. Bg5 Re6 21. cxd4 Nf8 22. Rae1 Rxe1 23. Rxe1+ Be6 24. Bxh7 Kd7 25. Bd3 Bg4 26. h3 Ne6 27. Bd2 Bh5 28. Re5 Bf7 29. Rxd5+ Ke7 30. Re5 Kf6 31. c3 Rd8 32. Rf5+ Kg7 33. Rf2 c5 34. Bc4 cxd4 35. cxd4 b5 36. Bxb5 Nxd4 37. Bc3 Kg8 38. Rd2 Rb8 39. Rxd4 Rxb5 40. Rd8+ Kh7 41. Rd7 Kg6 42. Rxa7 Rc5 43. Ra6+ Kh7 44. Rf6 Kg8 45. Bb4 Rc1+ 46. Rf1 Rc2 47. Rf2 Rc1+ 48. Kh2 Bd5 49. Kg3 Rc4 50. Rf5 Bb7 51. h4 Bc8 52. Rc5 Rg4+ 53. Kf3 1-0

[Event "Saratov-ch"]
[Site "Saratov"]
[Date "2009.03.02"]
[Round "4"]
[White "Nikolaev, Alexander"]
[Black "Nedochetova, Sofia"]
[Result "1/2-1/2"]
[WhiteElo "1987"]
[BlackElo "2074"]
[PlyCount "74"]
[EventDate "2009.02.26"]
[EventType "swiss"]
[EventRounds "9"]
[EventCountry "RUS"]
[SourceTitle "CBM 129 Extra"]
[Source "ChessBase"]
[SourceDate "2009.05.05"]
[SourceVersion "2"]
[SourceVersionDate "2009.05.20"]
[SourceQuality "1"]

1. c4 Nf6 2. Nc3 d6 3. d4 Nbd7 4. e4 e5 5. Nf3 exd4 6. Nxd4 g6 7. Be2 Bg7 8. Be3 0-0 9. 0-0 Nc5 10. f3 Re8 11. Qd2 Qe7 12. Rfe1 a6 13. Bf1 Qf8 14. Rad1 Ncd7 15. Nc2 Ne5 16. Nb4 Be6 17. Nbd5 Rac8 18. b3 Nxd5 19. Nxd5 Kh8 20. Qf2 f5 21. exf5 Qxf5 22. h3 Qf7 23. f4 Nc6 24. g4 Bxd5 25. Rxd5 Re7 26. Rdd1 Bc3 27. Re2 Rce8 28. Rd3 Bg7 29. Kh1 Nb4 30. Rdd2 Nc6 31. Bg2 Bc3 32. Rc2 Bg7 33. Rcd2 Bc3 34. Bd5 Qf8 35. Rd3 Bg7 36. Rdd2 Bc3 37. Rd3 Bg7 1/2-1/2

[Event "Saratov op"]
[Site "Saratov"]
[Date "2008.12.14"]
[Round "2"]
[White "Nedochetova, Sofia"]
[Black "Gagarkine, Nikolay"]
[Result "0-1"]
[WhiteElo "2095"]
[BlackElo "1987"]
[PlyCount "116"]
[EventDate "2008.12.13"]
[EventType "swiss"]
[EventRounds "9"]
[EventCountry "RUS"]
[SourceTitle "EXT 2010"]
[Source "ChessBase"]
[SourceDate "2010.11.25"]
[SourceVersion "1"]
[SourceVersionDate "2010.11.25"]
[SourceQuality "1"]

1. e4 e5 2. Nf3 Nf6 3. Nc3 d6 4. d4 exd4 5. Nxd4 Be7 6. Bd3 0-0 7. 0-0 c6 8. h3 Nbd7 9. Re1 Ne5 10. Bf1 c5 11. Nf3 a6 12. Bf4 Qc7 13. Nd5 Nxd5 14. exd5 Ng6 15. Bh2 Bf6 16. Rb1 b5 17. b3 b4 18. g4 Bd7 19. Bg2 Bc3 20. Re3 Rfe8 21. Nd2 Rxe3 22. fxe3 Be5 23. Nc4 Bxh2+ 24. Kxh2 Bb5 25. Nb2 Qe7 26. Qd2 Re8 27. Nd1 Qe5+ 28. Kh1 Nh4 29. Qf2 g5 30. Rc1 f5 31. c4 Bd7 32. gxf5 Bxf5 33. Kg1 Rf8 34. Qe2 Be4 35. Bxe4 Qxe4 36. Qg4 Qe5 37. Rc2 h5 38. Qe6+ Qxe6 39. dxe6 Re8 40. Kf2 Rxe6 41. Rd2 Kf7 42. Rd5 Kg6 43. e4 Rf6+ 44. Ke2 Ng2 45. Rd2 Nf4+ 46. Ke3 Nxh3 47. Nb2 g4 48. Nd3 Rf3+ 49. Ke2 Kg5 50. Rd1 Nf4+ 51. Nxf4 Kxf4 52. Rxd6 Re3+ 53. Kf2 g3+ 54. Kg2 Re2+ 55. Kg1 Rxe4 56. Rf6+ Kg4 57. Rg6+ Kh3 58. Kf1 h4 0-1

[Event "Saratov op"]
[Site "Saratov"]
[Date "2008.12.13"]
[Round "1"]
[White "Iljushin, Alexei"]
[Black "Nedochetova, Sofia"]
[Result "1-0"]
[WhiteElo "2564"]
[BlackElo "2095"]
[PlyCount "55"]
[EventDate "2008.12.13"]
[EventType "swiss"]
[EventRounds "9"]
[EventCountry "RUS"]
[SourceTitle "EXT 2010"]
[Source "ChessBase"]
[SourceDate "2010.11.25"]
[SourceVersion "1"]
[SourceVersionDate "2010.11.25"]
[SourceQuality "1"]

1. d4 Nf6 2. c4 g6 3. Nc3 Bg7 4. e4 d6 5. f3 c6 6. Bd3 Nbd7 7. Nge2 e5 8. d5 0-0 9. Bg5 Qb6 10. Qd2 Nc5 11. Rb1 cxd5 12. cxd5 Nxd3+ 13. Qxd3 Bd7 14. Be3 Qd8 15. a4 Nh5 16. 0-0 f5 17. Nb5 f4 18. Bf2 Qg5 19. Kh1 Qf6 20. Qa3 Bxb5 21. axb5 b6 22. Rbc1 Qe7 23. Rc6 Rac8 24. Rfc1 Rxc6 25. dxc6 Rc8 26. Nc3 Bf8 27. Nd5 Qf7 28. Qa6 1-0

[Event "Saratov Region-ch (Women)"]
[Site "Saratov"]
[Date "2008.11.28"]
[Round "9"]
[White "Zakharova, Alexandra"]
[Black "Nedochetova, Sofia"]
[Result "1-0"]
[WhiteElo "2147"]
[BlackElo "2095"]
[PlyCount "85"]
[EventDate "2008.11.20"]
[EventType "swiss"]
[EventRounds "9"]
[EventCountry "RUS"]
[SourceTitle "EXT 2022"]
[Source "ChessBase"]
[SourceDate "2021.10.06"]
[SourceVersion "1"]
[SourceVersionDate "2021.10.06"]
[SourceQuality "1"]

1. d4 g6 2. c4 Bg7 3. Nc3 d6 4. Nf3 Nc6 5. d5 Ne5 6. Nd2 Nf6 7. e4 c6 8. Be2 0-0 9. 0-0 cxd5 10. cxd5 a6 11. a4 Qc7 12. a5 Bg4 13. f3 Bd7 14. Kh1 g5 15. Nb3 h6 16. Na4 Bxa4 17. Rxa4 Qd7 18. Nd4 e6 19. dxe6 fxe6 20. Qb3 d5 21. Rd1 Kh8 22. Rb4 Nc6 23. Nxc6 bxc6 24. f4 gxf4 25. e5 Ng8 26. Bxf4 Qf7 27. Bg3 c5 28. Rb7 c4 29. Qb6 Qg6 30. Kg1 Rfe8 31. Rxd5 Re7 32. Rd1 Qe4 33. Bf3 Rxb7 34. Bxe4 Rxb6 35. axb6 Rb8 36. b7 Ne7 37. Rd7 Bf8 38. Rc7 Nd5 39. Bxd5 exd5 40. e6 d4 41. e7 d3 42. Rc8 d2 43. exf8Q+ 1-0

[Event "Saratov Region-ch (Women)"]
[Site "Saratov"]
[Date "2008.11.27"]
[Round "8"]
[White "Nedochetova, Sofia"]
[Black "Iljushina, Olga"]
[Result "0-1"]
[WhiteElo "2095"]
[BlackElo "2311"]
[PlyCount "62"]
[EventDate "2008.11.20"]
[EventType "swiss"]
[EventRounds "9"]
[EventCountry "RUS"]
[SourceTitle "EXT 2022"]
[Source "ChessBase"]
[SourceDate "2021.10.06"]
[SourceVersion "1"]
[SourceVersionDate "2021.10.06"]
[SourceQuality "1"]

1. e4 c5 2. c3 g6 3. d4 cxd4 4. Qxd4 Nf6 5. Bg5 Nc6 6. Qe3 Bg7 7. Bc4 d6 8. Nf3 0-0 9. 0-0 Qc7 10. Nbd2 Bd7 11. h3 Rac8 12. Bh6 a6 13. Bxg7 Kxg7 14. Rfe1 e5 15. Rad1 Nh5 16. Bd5 Ne7 17. Bb3 f5 18. Nc4 Rf6 19. Qd2 fxe4 20. Nfxe5 d5 21. Nxd7 Qxd7 22. Nb6 Rxb6 23. Rxe4 Re6 24. Rxe6 Qxe6 25. Re1 Qf7 26. g4 Nf6 27. g5 Nh5 28. Qe3 Nc6 29. Qc5 Nf4 30. Re3 Rf8 31. Rg3 Ne2+ 0-1

[Event "Saratov Region-ch (Women)"]
[Site "Saratov"]
[Date "2008.11.24"]
[Round "5"]
[White "Nedochetova, Sofia"]
[Black "Karibaeva, Elvira"]
[Result "1-0"]
[WhiteElo "2095"]
[BlackElo "2164"]
[PlyCount "57"]
[EventDate "2008.11.20"]
[EventType "swiss"]
[EventRounds "9"]
[EventCountry "RUS"]
[SourceTitle "EXT 2022"]
[Source "ChessBase"]
[SourceDate "2021.10.06"]
[SourceVersion "1"]
[SourceVersionDate "2021.10.06"]
[SourceQuality "1"]

1. e4 c5 2. c3 d5 3. exd5 Qxd5 4. d4 Nf6 5. Nf3 Bg4 6. Be2 e6 7. 0-0 Nc6 8. Be3 cxd4 9. cxd4 Bb4 10. a3 Ba5 11. Nc3 Qd6 12. Nb5 Qb8 13. h3 Bh5 14. Ne5 Bxe2 15. Qxe2 0-0 16. Bg5 Nxe5 17. dxe5 Nd5 18. Bh4 a6 19. Nd6 f5 20. Rfd1 Bc7 21. Rxd5 exd5 22. Qd3 Bxd6 23. Qxd5+ Rf7 24. exd6 Qe8 25. Be7 Qd7 26. Rc1 f4 27. Rc7 Qf5 28. Qxf5 Rxf5 29. d7 1-0

[Event "Saratov Region-ch (Women)"]
[Site "Saratov"]
[Date "2008.11.22"]
[Round "3"]
[White "Nedochetova, Sofia"]
[Black "Rjanova, Valery"]
[Result "1/2-1/2"]
[WhiteElo "2095"]
[BlackElo "2027"]
[PlyCount "111"]
[EventDate "2008.11.20"]
[EventType "swiss"]
[EventRounds "9"]
[EventCountry "RUS"]
[SourceTitle "EXT 2022"]
[Source "ChessBase"]
[SourceDate "2021.10.06"]
[SourceVersion "1"]
[SourceVersionDate "2021.10.06"]
[SourceQuality "1"]

1. e4 c5 2. c3 g6 3. d4 cxd4 4. Qxd4 Nf6 5. Bg5 Nc6 6. Qe3 Bg7 7. Bc4 0-0 8. h3 d6 9. Nf3 Na5 10. Bd3 b5 11. 0-0 a6 12. Nbd2 Bb7 13. Rfe1 Qc7 14. Qe2 h6 15. Bh4 Nh5 16. Nd4 Nf4 17. Qe3 Nxd3 18. Qxd3 Rab8 19. b3 Ba8 20. Rac1 Qa7 21. N2f3 b4 22. c4 Qc7 23. Bg3 e5 24. Nc2 f5 25. Nh4 fxe4 26. Rxe4 g5 27. Nf3 Bxe4 28. Qxe4 Qc6 29. Qg6 Rf6 30. Qh5 Qe4 31. Ne3 Nc6 32. Nd5 Rf7 33. h4 g4 34. Nh2 Nd4 35. Rd1 Ne2+ 36. Kh1 Nxg3+ 37. fxg3 Rf2 38. Rg1 Kh7 39. Nxg4 Qf5 40. Ndf6+ Bxf6 41. Qxh6+ Kg8 42. Nxf2 Qxf2 43. Qg6+ Kf8 44. Qd3 Qd4 45. Qf3 Kg7 46. Rd1 Qc5 47. Qg4+ Kf7 48. Qd7+ Kg6 49. Rxd6 Qc8 50. h5+ Kg5 51. Qf7 Qf5 52. g4 Qf1+ 53. Kh2 Qf4+ 54. Kh1 Qf1+ 55. Kh2 Qf4+ 56. Kh1 1/2-1/2

[Event "Saratov Region-ch (Women)"]
[Site "Saratov"]
[Date "2008.11.21"]
[Round "2"]
[White "Fedorova, Tatiana"]
[Black "Nedochetova, Sofia"]
[Result "1-0"]
[WhiteElo "1993"]
[BlackElo "2095"]
[PlyCount "85"]
[EventDate "2008.11.20"]
[EventType "swiss"]
[EventRounds "9"]
[EventCountry "RUS"]
[SourceTitle "EXT 2022"]
[Source "ChessBase"]
[SourceDate "2021.10.06"]
[SourceVersion "1"]
[SourceVersionDate "2021.10.06"]
[SourceQuality "1"]

1. c4 g6 2. d4 Bg7 3. e4 e5 4. d5 d6 5. Nc3 Ne7 6. Bd3 0-0 7. h4 f5 8. h5 Qe8 9. hxg6 Qxg6 10. Qh5 Na6 11. Bg5 Nc5 12. Bc2 Rf7 13. Bxe7 Rxe7 14. exf5 Qxh5 15. Rxh5 Bf6 16. g4 Rg7 17. f3 Bd7 18. 0-0-0 a5 19. Nge2 a4 20. Ng3 Be8 21. Nce4 Nd7 22. Rh2 b5 23. cxb5 Ra5 24. b6 cxb6 25. Nxd6 Bg5+ 26. Kb1 Bf7 27. Nxf7 Kxf7 28. Ne4 Bf4 29. Rh3 b5 30. Nd6+ Ke7 31. f6+ Nxf6 32. Nf5+ Kf7 33. Nxg7 Kxg7 34. d6 Ra8 35. d7 Rd8 36. Bf5 h6 37. Rd6 Kf7 38. Rh1 Be3 39. Rhd1 Bd4 40. Rc1 Ke7 41. Re6+ Kf7 42. Rc8 Rxd7 43. Rxf6+ 1-0

[Event "Saratov SGSEU-ch op"]
[Site "Saratov"]
[Date "2008.09.11"]
[Round "2"]
[White "Nedochetova, Sofia"]
[Black "Iljushina, Olga"]
[Result "0-1"]
[WhiteElo "2095"]
[BlackElo "2280"]
[PlyCount "96"]
[EventDate "2008.09.10"]
[EventType "swiss"]
[EventRounds "9"]
[EventCountry "RUS"]
[SourceTitle "EXT 2022"]
[Source "ChessBase"]
[SourceDate "2021.10.06"]
[SourceVersion "1"]
[SourceVersionDate "2021.10.06"]
[SourceQuality "1"]

1. e4 c5 2. c3 g6 3. d4 cxd4 4. Qxd4 Nf6 5. Bb5 a6 6. Ba4 b5 7. Bb3 Nc6 8. Qe3 Bg7 9. e5 Ng4 10. Bxf7+ Kxf7 11. Qf4+ Nf6 12. Nf3 h6 13. exf6 Bxf6 14. 0-0 e5 15. Qe3 d5 16. Qc5 Bb7 17. Rd1 Ne7 18. a4 Rc8 19. Qa7 Qc7 20. axb5 Nf5 21. bxa6 Ra8 22. Qxb7 Qxb7 23. axb7 Rxa1 24. Na3 Rb8 25. Nc2 Ra5 26. Nb4 Ne7 27. Bxh6 Rxb7 28. Ng5+ Ke8 29. Ne6 Kd7 30. Nf8+ Kd6 31. Nh7 Ke6 32. Ng5+ Kf5 33. Nf7 Nc8 34. Nxe5 Bxe5 35. Nxd5 Rba7 36. f4 Ra1 37. Ne3+ Ke4 38. fxe5 Rxd1+ 39. Nxd1 Ra1 40. Kf2 Rxd1 41. e6 Rb1 42. Bf8 Rxb2+ 43. Kg3 Kf5 44. e7 Re2 45. Kf3 Re6 46. c4 Kf6 47. g4 Nxe7 48. h4 g5 0-1

[Event "Saratov-ch (Women)"]
[Site "Saratov"]
[Date "2007.11.22"]
[Round "9"]
[White "Iljushina, Olga"]
[Black "Nedochetova, Sofia"]
[Result "1-0"]
[WhiteElo "2221"]
[BlackElo "2150"]
[PlyCount "103"]
[EventDate "2007.11.14"]
[EventType "swiss"]
[EventRounds "9"]
[EventCountry "RUS"]
[SourceTitle "EXT 2022"]
[Source "ChessBase"]
[SourceDate "2021.10.06"]
[SourceVersion "1"]
[SourceVersionDate "2021.10.06"]
[SourceQuality "1"]

1. d4 g6 2. c4 Bg7 3. g3 d5 4. cxd5 Qxd5 5. Nf3 Bg4 6. Nc3 Qd8 7. Bg2 c6 8. Be3 Nf6 9. h3 Be6 10. 0-0 0-0 11. Qd2 Qc8 12. Ng5 Bd5 13. f3 Rd8 14. Bf2 Bc4 15. Qc2 h6 16. Nge4 Be6 17. Kh2 Nxe4 18. Qxe4 f5 19. Qf4 Na6 20. Rfd1 Nb4 21. Qc1 Kh7 22. a3 Nd5 23. Nxd5 Bxd5 24. e4 Bb3 25. Rd3 Ba4 26. Rd2 e5 27. dxe5 fxe4 28. f4 Rxd2 29. Qxd2 Qd8 30. Qb4 Bc2 31. Rc1 c5 32. Bxc5 a5 33. Qe1 Bd3 34. Rd1 Qd5 35. Rxd3 Qxd3 36. Qxe4 Qb5 37. Bd4 Rd8 38. Bc3 b6 39. a4 Qc5 40. Qe2 Qe7 41. Be4 Qe6 42. h4 Kh8 43. h5 gxh5 44. f5 Qe8 45. f6 Bf8 46. Bf5 h4 47. f7 Qe7 48. e6+ Bg7 49. Qe3 hxg3+ 50. Kh3 Qg5 51. Qxg5 hxg5 52. e7 1-0

[Event "Saratov-ch (Women)"]
[Site "Saratov"]
[Date "2007.11.20"]
[Round "7"]
[White "Tarasova, Viktoriya"]
[Black "Nedochetova, Sofia"]
[Result "1-0"]
[WhiteElo "2277"]
[BlackElo "2150"]
[PlyCount "49"]
[EventDate "2007.11.14"]
[EventType "swiss"]
[EventRounds "9"]
[EventCountry "RUS"]
[SourceTitle "EXT 2022"]
[Source "ChessBase"]
[SourceDate "2021.10.06"]
[SourceVersion "1"]
[SourceVersionDate "2021.10.06"]
[SourceQuality "1"]

1. d4 d6 2. c4 c5 3. d5 e5 4. e4 Nf6 5. Nc3 Be7 6. Bd3 0-0 7. h3 Ne8 8. Nge2 f5 9. exf5 Bxf5 10. Bxf5 Rxf5 11. Ng3 Rf8 12. Nge4 Nc7 13. 0-0 Nd7 14. f4 a6 15. a4 Rb8 16. Qe2 b5 17. axb5 axb5 18. cxb5 Nb6 19. Be3 Ncxd5 20. Nxd5 Nxd5 21. Qc4 Rxb5 22. Qxd5+ Kh8 23. fxe5 dxe5 24. Rxf8+ Qxf8 25. Ra8 1-0

[Event "Saratov-ch (Women)"]
[Site "Saratov"]
[Date "2007.11.16"]
[Round "3"]
[White "Kursova, Maria"]
[Black "Nedochetova, Sofia"]
[Result "1-0"]
[WhiteElo "2358"]
[BlackElo "2150"]
[PlyCount "57"]
[EventDate "2007.11.14"]
[EventType "swiss"]
[EventRounds "9"]
[EventCountry "RUS"]
[SourceTitle "EXT 2022"]
[Source "ChessBase"]
[SourceDate "2021.10.06"]
[SourceVersion "1"]
[SourceVersionDate "2021.10.06"]
[SourceQuality "1"]

1. d4 g6 2. Nf3 Bg7 3. c4 c5 4. d5 d6 5. Nc3 Bf5 6. e3 Nf6 7. Bd3 Bxd3 8. Qxd3 Nbd7 9. 0-0 0-0 10. e4 Ng4 11. Qe2 Nge5 12. Nd2 g5 13. Re1 h6 14. Nf1 f5 15. exf5 Rxf5 16. Ne4 Qe8 17. Nfg3 Rf8 18. Bd2 Qg6 19. Rac1 Rf7 20. h3 Raf8 21. b3 Nf6 22. Rf1 g4 23. Nxc5 gxh3 24. Ne6 h2+ 25. Kh1 Nfg4 26. Nxf8 Bxf8 27. Rc3 Bg7 28. f4 Nd7 29. f5 1-0